| 000 | 00579nam a2200229Ia 4500 | ||
|---|---|---|---|
| 003 | OSt | ||
| 005 | 20221005125256.0 | ||
| 006 | a|||||r|||| 00| 0 | ||
| 007 | ta | ||
| 008 | 221004b |||||||| |||| 00| 0 tam d | ||
| 024 | _a52549 | ||
| 037 | _cTextual | ||
| 040 |
_aCRL _cCRL _btam |
||
| 041 |
_2tam _atam |
||
| 082 | _aV21:1.G, 31J6;L2 | ||
| 100 | _aPandarathar Sadasiva Au. | ||
| 245 | 0 | _aPandiyar varalaru | |
| 260 | _c1972 | ||
| 650 | _aHISTORY | ||
| 942 |
_hV21:1.G, 31J6;L2 _cTEXL _2cc |
||
| 999 |
_c1053506 _d1053506 |
||